Szczegóły MARC21

Visual Basic 4.0 /

005 -DATA I CZAS OSTATNIEJ MODYFIKACJI [,]
    • @
    • pole kontrolne
    • 20070315155141.9
020 -Międzynarod. znormalizowany nr książki - ISBN [ , ]
    • a
    • Numer ISBN
    • 3893601295 Find
040 -Instytucja sporządzająca opis [ , ]
    • a
    • Instytucja, która sporządziła opis (NP)
    • SZCZ U
    • c
    • Instytucja, która sporządziła rekord (NP)
    • SZCZ U
041 -Język dokumentu [0, ]
    • a
    • Język tekstu (P)
    • niemiecki
    • h
    • Język tekstu oryginalnego i/lub pośredniego (P)
    • niemiecki
942 -Rodzaj dokumentu [ , ]
    • c
    • Rodzaj dokumentu
    • Książka
100 -Hasło główne - nazwa osobowa [ , ]
    • a
    • Nazwa osobowa (NP)
    • SCHELS, IGNATZ
245 -Strefa tytułu i oznaczenia odpowiedzialności [1, ]
    • a
    • Tytuł
    • Visual Basic 4.0 / Find
    • c
    • Pozostałe elementy strefy tytułu i oznaczenia odpowiedzialności (NP)
    • Ignatz Schels.
260 -Strefa adresu wydawniczego [ , ]
    • a
    • Miejsce wydania (P)
    • Kaarst :
    • b
    • Nazwa wydawcy (P)
    • "bhv",
    • c
    • Data wydania (P)
    • 1997.
300 -Strefa opisu fizycznego [ , ]
    • a
    • Określenie formy książki i/lub objętość (NP)
    • 95 s. :
    • b
    • Oznaczenie ilustracji (NP)
    • il. :
    • c
    • Format (NP)
    • 30 cm.
490 -Strefa serii i książki wielotomowej - forma nie do wyszukiwania [0, ]
    • a
    • Tytuł (P)
    • (CHIP Schulung : Selbstudium und Seminarbegleitung) Find
080 -Uniwersalna Klasyfikacja Dziesiętna [ , ]
    • a
    • Symbol klasyfikacji
    • 004.432=30
080 -Uniwersalna Klasyfikacja Dziesiętna [ , ]
    • a
    • Symbol klasyfikacji
    • :004.438Visual Basic 4.0=30
980 -Symbol UKD [ , ]
    • a
    • UKD
    • 004.432:004.438Visual Basic 4.0]=30
920 -ISBN [ , ]
    • a
    • ISBN
    • 3-89360-129-5 Find
Data inwentaryzacji Lokalizacja Status udost. Numer inwentarzowy Sygnatura
2001-01-09BE-6S.87457FUNDACJA POLSKO-NIEMIECKA
2001-01-09BE-6S.87458FUNDACJA POLSKO-NIEMIECKA
2001-01-09BE-6S.87459 
2001-01-09BE-6S.87460 
2001-01-09BE-6S.87461 
2001-01-09BE2S.87462 
2001-01-10BE-6S.87464 
2001-01-10BE-6S.87465 
2001-01-10BE2S.87466 
2001-01-10BE-6S.87467 
2001-01-10BE-6S.87468 
2001-01-10BE-6S.87469 
2001-01-09BE-2S.87456FUNDACJA POLSKO-NIEMIECKA